Online Catalogue and eLibrary

Non state actors and authority in the global system (Record no. 2763)

MARC details
000 -LEADER
fixed length control field 00514nam a2200193Ia 4500
005 - DATE AND TIME OF LATEST TRANSACTION
control field 20240530015100.0
008 - FIXED-LENGTH DATA ELEMENTS--GENERAL INFORMATION
fixed length control field 240331s9999 xx 000 0 und d
020 ## - INTERNATIONAL STANDARD BOOK NUMBER
ISBN 0415220858
082 ## - DDC Classification
Item Number - Author Mark NON
Class No. 337
245 #0 - TITLE STATEMENT
Title Non state actors and authority in the global system
250 ## - EDITION STATEMENT
Edition statement 1 St
260 ## - PUBLICATION, DISTRIBUTION, ETC.
Place of publication, distribution, etc. London
Name of publisher, distributor, etc. Routledge
Date of publication, distribution, etc. 2000
300 ## - PHYSICAL DESCRIPTION
Extent (e.g. Volumes, Pages etc.) xvii, 301 p.,
650 ## - SUBJECT ADDED ENTRY--TOPICAL TERM
Topical term or geographic name entry element Economic
700 ## - ADDED ENTRY--PERSONAL NAME
Personal name Higgott, A. Richard
Relator term (Role) Editor
700 ## - ADDED ENTRY--PERSONAL NAME
Personal name Underhill, D.R.Geoffrey
Relator term (Role) Editor
700 ## - ADDED ENTRY--PERSONAL NAME
Personal name Bieler, Andreas
Relator term (Role) Editor
942 ## - Koha item type (Biblio)
Koha item type Books in Stacks (Lending)
Holdings
Lost status Damaged status Collection code Home library Current library Shelving location Date acquired Full call number Accession Number Item type
    Lending WERC Library WERC Library Social Science Cupboard 03/31/2024 337 NON 4252 Books in Stacks (Lending)

© WERC Library